So many me's / (Record no. 4116)

MARC details
000 -LEADER
fixed length control field 00900cam a2200265 a 4500
005 - DATE AND TIME OF LATEST TRANSACTION
control field 20240607112721.0
020 ## - INTERNATIONAL STANDARD BOOK NUMBER
International Standard Book Number 0516228838
040 ## - CATALOGING SOURCE
Original cataloging agency DLC
Transcribing agency DLC
Modifying agency DLC
Language of cataloging eng
050 00 - LIBRARY OF CONGRESS CALL NUMBER
Classification number PZ7.N295
082 00 - DEWEY DECIMAL CLASSIFICATION NUMBER
Classification number 468
100 1# - MAIN ENTRY--PERSONAL NAME
Personal name Neasi, Barbara J
245 10 - TITLE STATEMENT
Title So many me's /
Statement of responsibility, etc. written by Barbara J. Neasi ; illustrated by Ana Ochoa
260 ## - PUBLICATION, DISTRIBUTION, ETC.
Place of publication, distribution, etc. New York :
Name of publisher, distributor, etc. Children's Press,
Date of publication, distribution, etc. 2003
300 ## - PHYSICAL DESCRIPTION
Extent 31 pages :
Other physical details color illustrations ;
Dimensions 19 cm.
490 ## - SERIES STATEMENT
Series statement A Rookie Reader
505 ## - FORMATTED CONTENTS NOTE
Formatted contents note F <br/>
520 ## - SUMMARY, ETC.
Summary, etc. A girl contemplates the many different roles she plays in her family and community, including daughter, granddaughter, sister, cousin, student, patient, and friend.
521 ## - TARGET AUDIENCE NOTE
Target audience note 350 <br/>
Source Lexile <br/>
521 ## - TARGET AUDIENCE NOTE
Target audience note F <br/>
Source Raz-Plus <br/>
650 #1 - SUBJECT ADDED ENTRY--TOPICAL TERM
Topical term or geographic name entry element Identity
Form subdivision Fiction.
700 1# - ADDED ENTRY--PERSONAL NAME
Personal name Ochoa, Ana
Relator term illustrator
906 ## - LOCAL DATA ELEMENT F, LDF (RLIN)
a 7
b cbc
c orignew
d 1
e ecip
f 20
g y-gencatlg
942 ## - ADDED ENTRY ELEMENTS (KOHA)
Source of classification or shelving scheme Dewey Decimal Classification
Koha item type Books
Suppress in OPAC No
999 ## -
-- 4116
-- 4116
Holdings
Withdrawn status Lost status Source of classification or shelving scheme Damaged status Not for loan Collection Home library Current library Shelving location Date acquired Total Checkouts Full call number Barcode Date last seen Price effective from Koha item type
    Dewey Decimal Classification     Juvenile Fiction Footprints International School Library Network Toul Kork Campus Footprints International School Library Network Toul Kork Campus   06/07/2024   NEA 468 PZ7.N295 FISTK03290 06/07/2024 06/07/2024 Books